000 01656cam a22004217a 4500
003 CHAP
005 20220817042004.0
008 971013s1964 r 00010 d
010 _a30982
011 _a31954
035 _a36066
040 _cCHAP
082 _a582.16097295
_bL58
100 0 0 _aLittle, Elbert L.
_967162
245 0 _aTrees of Puerto Rico and the Virgin Islands
260 _aWashington :
_bDepartment of Agriculture,
_c1964-
300 _av.
_b: ilus.
490 0 _aUSDA. Agriculture handbook
_v; 249, 449
500 _aLa biblioteca tiene: v.1, v.2
590 _aBATCH-UPD
_b10
_c20130110
_lUCH01
_h0336
590 _aBATCH-UPD
_b10
_c20130110
_lUCH01
_h2122
590 _aBATCH-UPD
_b10
_c20130410
_lUCH01
_h1457
590 _aBATCH-UPD
_b10
_c20130914
_lUCH01
_h1727
590 _aCONVERSION
_b10
_c20130109
_lUCH01
_h1318
650 1 4 _aÁrboles
_xIslas Virgenes.
_96616
650 1 4 _aÁrboles
_xPuerto Rico.
_96640
700 0 _aWadsworth, Frank H.
_9120762
700 0 _aWoodbury, Roy O.
_9122544
830 0 _aUSDA Agriculture handbook
_v; 249, 449
901 _aBK
942 _cLIBRO
949 _a582.16097295 L58
_bBC
_cLIBRO
_d33724000454377
_eLIBRO
_fv.2 c.4
_h32335
_i36066
_si
949 _a582.16097295 L58
_bBC
_cLIBRO
_d33724000454385
_eLIBRO
_fv.2 c.3
_h32020
_i36066
_si
949 _a582.16097295 L58
_bBC
_cLIBRO
_d33724000454393
_eLIBRO
_fv.2 c.2
_h31888
_i36066
_si
949 _a582.16097295 L58
_bBC
_cLIBRO
_d33724000454401
_eLIBRO
_fv.2
_h31623
_i36066
_si
949 _a582.16097295 L58
_bBC
_cLIBRO
_d33724000454419
_eLIBRO
_fv.1 c.2
_h9771
_i36066
_si
949 _a582.16097295 L58
_bBC
_cLIBRO
_d33724000454427
_eLIBRO
_fv.1
_h9770
_i36066
_si
999 _c30982
_d30982